000 00303nam a2200097Ia 4500
008 220120s9999||||xx |||||||||||||| ||und||
100 _aAnand T.V and Gowreesh Kapadi
_912278
245 0 _aAutomatic green house model
260 _aCoorg Institute of Technology
_bPonnampet
_c2010
650 _aCOMPUTER SCIENCE
999 _c137864
_d137864